|
|
|
|
| LEADER |
02261nam a2200541 i 4500 |
| 001 |
000673357 |
| 003 |
CZ BrMZK |
| 005 |
20260205103029.0 |
| 007 |
ta |
| 008 |
030611s1991 xr c g 000 m cze d |
| 015 |
|
|
|a cnb000534950
|
| 020 |
|
|
|a 80-85204-06-1
|q (brožováno)
|
| 035 |
|
|
|a (OCoLC)26256303
|
| 040 |
|
|
|a ABA001
|b cze
|d BOA001
|e rda
|
| 072 |
|
7 |
|a 821.162.3-3
|x Česká próza
|2 Konspekt
|9 25
|
| 080 |
|
|
|a 821.162.3-3
|2 MRF
|
| 080 |
|
|
|a 821.162.3-32
|2 MRF
|
| 080 |
|
|
|a (0:82-32)
|2 MRF
|
| 080 |
|
|
|a (0:82-3)
|2 MRF
|
| 245 |
0 |
0 |
|a Velká trojka
|
| 246 |
1 |
4 |
|a Hvězdy Galaxie
|
| 250 |
|
|
|a Vydání v GLX první
|
| 264 |
|
1 |
|a V Praze :
|b Galaxie,
|c 1991
|
| 300 |
|
|
|a 207 stran :
|c portréty ;
|c 21 cm
|
| 336 |
|
|
|a text
|b txt
|2 rdacontent
|
| 337 |
|
|
|a bez média
|b n
|2 rdamedia
|
| 338 |
|
|
|a svazek
|b nc
|2 rdacarrier
|
| 490 |
1 |
|
|a Planeta
|
| 500 |
|
|
|a Anglicko-český slovník
|
| 500 |
|
|
|a 50000 výtisků
|
| 505 |
0 |
0 |
|t Porgess /
|r Arnošt Lustig --
|t Ztracené dopisy /
|r Milan Kundera --
|t Trip do Česka /
|r Josef Škvorecký
|
| 655 |
|
7 |
|a české povídky
|7 fd133971
|2 czenas
|
| 655 |
|
7 |
|a české prózy
|7 fd133972
|2 czenas
|
| 655 |
|
9 |
|a Czech short stories
|2 eczenas
|
| 655 |
|
9 |
|a Czech prose
|2 eczenas
|
| 700 |
1 |
|
|a Lustig, Arnošt,
|d 1926-2011
|7 jk01072683
|4 aut
|
| 700 |
1 |
|
|a Kundera, Milan,
|d 1929-2023
|7 jk01070894
|4 aut
|
| 700 |
1 |
|
|a Škvorecký, Josef,
|d 1924-2012
|7 jk01130413
|4 aut
|
| 830 |
|
0 |
|a Planeta (Galaxie)
|0 s
|
| 910 |
|
|
|a BOA001
|b 2-1119.946
|b KMK-0000.117
|b KPB-0001.641
|
| 990 |
|
|
|a BK
|
| 991 |
|
|
|b 202602
|
| 996 |
6 |
|
|b 2610193704
|c 2-1119.946
|l MZK
|r Sklad / do 1 hodiny
|n 6
|p dar
|w 000673357
|u 000010
|a 1
|e BOA001
|j MZK50
|s P
|
| 996 |
7 |
|
|b 2610929560
|c 2-1119.946
|l Vol.výběr
|r VV 1p
|n 1
|p dar
|h AL VEL
|w 000673357
|u 000030
|a 0
|e BOA001
|j MZK50
|s A
|
| 996 |
7 |
|
|b 2610979205
|c 2-1119.946
|l Vol.výběr
|r VV 1p
|n 0
|p dar
|h AL VEL
|w 000673357
|u 000050
|a 0
|e BOA001
|j MZK50
|s A
|
| 996 |
7 |
|
|b 2610979206
|c 2-1119.946
|l Vol.výběr
|r VV 1p
|n 0
|p dar
|h AL VEL
|w 000673357
|u 000060
|a 0
|e BOA001
|j MZK50
|s A
|
| 996 |
6 |
|
|b 261K000145
|c KMK-0000.117
|l MZK
|r K. M. Kundery - 1. patro
|n 0
|p dar
|h B/05-11.G,001
|w 000673357
|u 000020
|a 0
|e BOA001
|j MZK50
|s P
|
| 996 |
6 |
|
|b 261K001840
|c KMK-0000.117
|l MZK
|r K. M. Kundery - 1. patro
|n 0
|p dar
|h B/05-11.G,002
|w 000673357
|u 000040
|a 0
|e BOA001
|j MZK50
|s P
|